000 00887nam a22002657a 4500
001 BR7705924
003 BR-BrBNA
005 20230928085516.0
007 ta
008 230509b bl.||||| |||| 00| 0 por d
040 _aBR-BrBNA
_bpor
_cBiblioteca Nacional de Agricultura
041 _a(Por)
072 _aF01
_b0120
_b/G514
090 _ 0120 BR7705924
100 1 _aGubert, R.N.
110 1 _aAssociacao de Credito e Assistencia Rural de Santa Catarina, Florianopolis (Brasil). Coordenacao de Agricultura
_9430
245 1 _aCultura do milho [Santa Catarina, Brasil]
260 3 _aFlorianopolis, SC (Brasil):
_c1977.
300 _a40 p.
500 _a(*) Documento disponível no(a) Associacao de Credito e Assistencia Rural de Santa Catarina, Florianopolis (Brazil)
650 _aMILHO
650 _aSANTA CATARINA
909 _a202309
_bLucia
_c55
_dLucia Elande
942 _cBK
999 _c24820
_d24820